000 00943cam a22002777a 4500
005 20220329141128.0
008 971010s1972 r 00010 d
010 _a63080
011 _a64052
035 _a69111
082 _a693.5
_bP37 198?
100 0 0 _aParker, Harry.
_985588
245 0 _aIngeniería simplificada para arquitectos y constructores
260 _aMéxico, D.F. :
_bLimusa,
_c1972
300 _a363 p.
500 _aTrad. de: Simplified engineering for architects and builders, 4 ed. [198?]
590 _aBATCH-UPD
_b10
_c20130110
_lUCH01
_h1712
590 _aBATCH-UPD
_b10
_c20130410
_lUCH01
_h1057
590 _aBATCH-UPD
_b10
_c20130914
_lUCH01
_h1025
590 _aCONVERSION
_b10
_c20130109
_lUCH01
_h1334
650 1 4 _aConcreto armado.
_926306
650 1 4 _aConcreto
_xConstrucciones.
_926304
650 1 4 _aIngeniería civil.
_958214
901 _aBK
949 _a693.5 P37 198?
_bIA
_cLIBRO
_d-1277
_eLIBRO
_h3252
_i69111
_si
999 _c63080
_d63080